Statystyki dla 15 najbardziej dotkniętych krajów Covid-19 - 4 stycznia

Kliknij tutaj aby rozwiązać quiz!

Ogólne statystyki

  • Ten quiz został rozwiązany 31 razy
  • Średni wynik to 14 z 29

Statystyki odpowiedzi

kraj% Poprawnych
Polska
96%
Francja
88%
Hiszpania
88%
Rosja
88%
Wielka Brytania
88%
Niemcy
83%
Stany Zjednoczone
79%
Włochy
75%
Brazylia
63%
Indie
63%
Meksyk
54%
Szwecja
50%
Argentyna
46%
Kolumbia
42%
Turcja
42%
Czechy
38%
Holandia
33%
Iran
33%
Szwajcaria
33%
Chorwacja
29%
Litwa
29%
Belgia
21%
Słowenia
21%
Bahrajn
17%
Gruzja
17%
Izrael
17%
Katar
17%
Armenia
13%
Panama
8%

Rozkład punktacji

Percentyl według liczby udzielonych odpowiedzi

Procent ludzi z każdym wynikiem

Twoja historia wyników

Nie rozwiązałeś tego quizu